[Event "Junior Online 4NCL Division 3"]
[Site "online"]
[Date "2022.01.20"]
[EventDate "2022.01.20"]
[Round "1.11"]
[White "Man, Felix"]
[WhiteElo "1319"]
[WhiteTeam "Muswell Hill Primary"]
[Black "Twomey, Liam"]
[BlackElo "1812"]
[BlackTeam "Cork Juniors"]
[Result "0-1"]
[PlyCount "120"]

1. e4 d5 2. exd5 Nf6 3. d4 Nxd5 4. Nf3 Bg4 5. Be2 e6 6. c4 Bb4+ 7. Bd2 Bxd2+ 8. Qxd2 Nb6 9. b3 Nc6 10. Ne5 Nxe5 11. dxe5 Qxd2+ 12. Nxd2 Bxe2 13. Kxe2 Ke7 14. Nf3 Nd7 15. Rhd1 Nc5 16. Rd4 Rad8 17. Rad1 h6 18. Rxd8 Rxd8 19. Rxd8 Kxd8 20. Ke3 Ke7 21. Nd4 a6 22. Nf3 f6 23. Kd4 Nd7 24. b4 b6 25. a4 c5+ 26. bxc5 Nxc5 27. exf6+ gxf6 28. a5 Nb3+ 29. Kc3 Nxa5 30. Nd4 Kd6 31. Kb4 Nc6+ 32. Nxc6 Kxc6 33. h3 Kd6 34. g3 Ke5 35. c5 bxc5+ 36. Kxc5 Ke4 37. f4 Kf3 38. Kb6 Kxg3 39. Kxa6 Kxf4 40. Kb6 e5 41. Kc5 e4 42. Kd4 Kf3 43. h4 e3 44. Kd3 Kf2 45. h5 e2 46. Kd2 e1=Q+ 47. Kc2 Ke3 48. Kb2 Qd1 49. Ka2 Qc1 50. Kb3 Qd2 51. Ka3 Qc2 52. Kb4 Qd3 53. Ka5 Qc4 54. Kb6 Qd5 55. Ka7 Qc6 56. Kb8 Qd7 57. Ka8 Kd4 58. Kb8 Kc5 59. Ka8 Kb6 60. Kb8 Qb7# 0-1

[Event "Junior Online 4NCL Division 3"]
[Site "online"]
[Date "2022.01.20"]
[EventDate "2022.01.20"]
[Round "1.12"]
[White "Cosgrove, Sean"]
[WhiteElo "1195"]
[WhiteTeam "Cork Juniors"]
[Black "Michener, Max"]
[BlackElo "1365"]
[BlackTeam "Muswell Hill Primary"]
[Result "0-1"]
[PlyCount "132"]

1. e4 e5 2. Nf3 Nc6 3. Bc4 Bc5 4. b4 Bxb4 5. c3 Ba5 6. d4 exd4 7. Qb3 Qe7 8. O-O Nf6 9. Ba3 d6 10. e5 Nxe5 11. Nxe5 Qxe5 12. Bxf7+ Kd8 13. cxd4 Qxd4 14. Bb2 Qb6 15. Qxb6 axb6 16. Nc3 Rf8 17. Bb3 Bxc3 18. Bxc3 Bd7 19. Rfe1 Kc8 20. Rad1 Kb8 21. Rd2 Ka7 22. Rde2 Rae8 23. Rc2 Rxe1+ 24. Bxe1 Re8 25. Bc3 Bf5 26. Rc1 Re7 27. f3 Re8 28. Kf2 Be6 29. Bxe6 Rxe6 30. Bxf6 gxf6 31. Rxc7 h6 32. Rh7 f5 33. Rd7 Rf6 34. Kg3 Rg6+ 35. Kh3 Rf6 36. Kh4 Kb8 37. g4 Kc8 38. Re7 f4 39. Kh5 Kd8 40. Rxb7 d5 41. Ra7 Re6 42. Ra3 Re3 43. Ra4 Rxf3 44. Kxh6 Rh3+ 45. Kg5 f3 46. Ra3 f2 47. Rxh3 f1=Q 48. Rh8+ Kc7 49. Rh7+ Kc6 50. Rh6+ Kc5 51. Rf6 Qc1+ 52. Kg6 d4 53. Rf5+ Kc4 54. g5 d3 55. Kf6 d2 56. Rf4+ Kd3 57. Rf5 d1=Q 58. Rd5+ Ke4 59. Rxd1 Qxd1 60. g6 Qf3+ 61. Kg7 Kf5 62. Kh7 Qh5+ 63. Kg8 Qxg6+ 64. Kf8 Kf6 65. h4 Qg7+ 66. Ke8 Qe7# 0-1

[Event "Junior Online 4NCL Division 3"]
[Site "online"]
[Date "2022.01.20"]
[EventDate "2022.01.20"]
[Round "1.13"]
[White "Bagshaw, Freddie"]
[WhiteElo "1105"]
[WhiteTeam "Muswell Hill Primary"]
[Black "Schmidt, Eoin"]
[BlackElo "1118"]
[BlackTeam "Cork Juniors"]
[Result "0-1"]
[PlyCount "112"]

1. e4 e5 2. Nf3 Nc6 3. Nc3 Nf6 4. Bc4 Bc5 5. O-O d6 6. a3 Bg4 7. Be2 a6 8. h3 Bh5 9. b4 Bd4 10. Bb2 O-O 11. Nb1 Bxb2 12. Ra2 Bd4 13. c3 Bb6 14. a4 Nxe4 15. a5 Ba7 16. Bd3 Bxf3 17. Qxf3 Nf6 18. Na3 d5 19. Re1 e4 20. Bxe4 dxe4 21. Qf4 Re8 22. Nc4 h6 23. Rb2 Nh5 24. Qg4 Qf6 25. Ne3 Nf4 26. Qd7 Nd3 27. Reb1 Nxb2 28. Rxb2 Red8 29. Qxc7 Bxe3 30. fxe3 Rdc8 31. Qxb7 Ne5 32. Qxe4 Rd8 33. d4 Nc4 34. Rf2 Qd6 35. Qb7 Qe6 36. Re2 Nxe3 37. Qf3 Re8 38. Kf2 Nd1+ 39. Kg1 Qxe2 40. Qxe2 Rxe2 41. d5 Rd2 42. c4 Rc8 43. b5 axb5 44. a6 bxc4 45. a7 Ra8 46. d6 Rxa7 47. d7 Rdxd7 48. Kf1 Ra2 49. Kg1 Ne3 50. Kh2 Nf5 51. Kg1 Rd1+ 52. Kh2 Rdd2 53. Kg1 c3 54. Kh2 Rxg2+ 55. Kh1 Rgd2 56. Kg1 Ra1# 0-1

[Event "Junior Online 4NCL Division 3"]
[Site "online"]
[Date "2022.01.20"]
[EventDate "2022.01.20"]
[Round "1.14"]
[White "Barot, Jwalant"]
[WhiteElo "1186"]
[WhiteTeam "Cork Juniors"]
[Black "Capel, Yiannis"]
[BlackElo "813"]
[BlackTeam "Muswell Hill Primary"]
[Result "1-0"]
[PlyCount "135"]

1. e4 e5 2. Nf3 Nc6 3. Bc4 Bc5 4. O-O Nf6 5. Nc3 d6 6. h3 Bd7 7. d3 Qe7 8. Bd5 O-O-O 9. a4 Kb8 10. a5 a6 11. Ng5 Be6 12. Bxc6 bxc6 13. Rb1 h6 14. Nxe6 fxe6 15. b4 Ba7 16. Be3 Bxe3 17. fxe3 Rdf8 18. Rf2 Nd7 19. Rxf8+ Rxf8 20. Rb2 Qf7 21. Rb1 Qf2+ 22. Kh1 Rf6 23. Qe1 Qxe1+ 24. Rxe1 Rg6 25. Rf1 Kc8 26. Ne2 d5 27. exd5 exd5 28. Nc3 Rg3 29. e4 d4 30. Ne2 Rg6 31. Kh2 Kd8 32. Ng3 Ke7 33. Nf5+ Ke6 34. Nh4 Rf6 35. Nf5 Kf7 36. Rf3 g6 37. Nxh6+ Kg7 38. Ng4 Rxf3 39. gxf3 c5 40. bxc5 Nxc5 41. Nxe5 Kf6 42. Ng4+ Kg7 43. Ne5 g5 44. Kg3 Kf6 45. Ng4+ Kg6 46. Ne5+ Kf6 47. Ng4+ Kg6 48. h4 gxh4+ 49. Kxh4 Na4 50. Ne5+ Kf6 51. Nd7+ Ke6 52. Nf8+ Kf7 53. Nh7 Kg6 54. Nf8+ Kf7 55. Nd7 Ke6 56. Nf8+ Kf7 57. Nh7 Kg7 58. Ng5 Kf6 59. f4 Nc3 60. e5+ Ke7 61. f5 Ne2 62. f6+ Kf8 63. e6 Nf4 64. e7+ Ke8 65. Kg4 Ng6 66. Kf5 Nh4+ 67. Ke6 Nf5 68. f7# 1-0

[Event "Junior Online 4NCL Division 3"]
[Site "online"]
[Date "2022.01.20"]
[EventDate "2022.01.20"]
[Round "1.15"]
[White "Twomey, Liam"]
[WhiteElo "1812"]
[WhiteTeam "Cork Juniors"]
[Black "Man, Felix"]
[BlackElo "1319"]
[BlackTeam "Muswell Hill Primary"]
[Result "1-0"]
[PlyCount "211"]

1. e4 e5 2. Nc3 Nc6 3. Bc4 Bc5 4. Qg4 Kf8 5. Qd1 Nf6 6. Nf3 d6 7. d3 h6 8. O-O Bg4 9. h3 Bh5 10. Nd5 Nd4 11. g4 Nxg4 12. Nxd4 Bxd4 13. hxg4 Bg6 14. Qf3 h5 15. g5 h4 16. c3 Bc5 17. Be3 Bxe3 18. Qxe3 c6 19. Nb4 Rh5 20. Kh2 Rxg5 21. Rg1 Rh5 22. Qf3 Qf6 23. Qxf6 gxf6 24. Nc2 b5 25. Bb3 Rd8 26. Ne3 a5 27. a3 a4 28. Ba2 Ke7 29. Raf1 f5 30. exf5 Bxf5 31. Nxf5+ Rxf5 32. Rg4 Rh8 33. f3 Rf4 34. Rxf4 exf4 35. Kh3 f5 36. Re1+ Kf6 37. Re6+ Kg5 38. Rxd6 Re8 39. Re6 Rd8 40. d4 Rc8 41. Bb1 c5 42. dxc5 Rxc5 43. Re8 Rd5 44. Rg8+ Kf6 45. Rf8+ Kg5 46. Rg8+ Kf6 47. Rg1 Rd2 48. c4 Rxb2 49. cxb5 Rxb5 50. Bc2 Rb2 51. Bxa4 Ra2 52. Bd1 Rxa3 53. Rg2 Ra8 54. Rb2 Rh8 55. Rb6+ Ke5 56. Rb7 Kf6 57. Rb6+ Ke5 58. Bc2 Rh5 59. Rb5+ Kf6 60. Rb6+ Ke5 61. Rb8 Kd4 62. Rf8 Ke3 63. Bd1 Kf2 64. Rg8 Ke3 65. Rg2 Kd4 66. Rd2+ Ke3 67. Rg2 Kd4 68. Kh2 Ke3 69. Kg1 Kd4 70. Kf2 Ke5 71. Rh2 Kd4 72. Rg2 Ke5 73. Bc2 Kf6 74. Rg1 Rg5 75. Rh1 Rh5 76. Ra1 h3 77. Rh1 Kg5 78. Rh2 Kf6 79. Bd1 Kg5 80. Be2 Kf6 81. Bf1 Ke5 82. Bxh3 Kd4 83. Ke2 Ke5 84. Kf2 Kd4 85. Kg1 Ke3 86. Bg2 Rxh2 87. Kxh2 Kd4 88. Kh3 Ke5 89. Kh4 Kf6 90. Bh3 Ke5 91. Kg5 Kd4 92. Kxf4 Kd5 93. Kxf5 Kd6 94. Kf6 Kd5 95. f4 Kd6 96. f5 Kd7 97. Kf7 Kd6 98. f6 Kd5 99. Ke8 Ke5 100. f7 Kf6 101. f8=Q+ Kg6 102. Qf5+ Kh6 103. Qg4 Kh7 104. Qg5 Kh8 105. Kf7 Kh7 106. Qg7# 1-0

[Event "Junior Online 4NCL Division 3"]
[Site "online"]
[Date "2022.01.20"]
[EventDate "2022.01.20"]
[Round "1.16"]
[White "Michener, Max"]
[WhiteElo "1365"]
[WhiteTeam "Muswell Hill Primary"]
[Black "Cosgrove, Sean"]
[BlackElo "1195"]
[BlackTeam "Cork Juniors"]
[Result "1/2-1/2"]
[PlyCount "173"]

1. e4 c5 2. c3 Nf6 3. e5 Nd5 4. d4 cxd4 5. cxd4 Nc6 6. Nf3 d6 7. Bb5 Qa5+ 8. Nc3 Nxc3 9. Bxc6+ bxc6 10. Qd2 Ba6 11. Qxc3 Qxc3+ 12. bxc3 e6 13. Bf4 d5 14. Kd2 Ba3 15. Rab1 O-O 16. Rb3 Be7 17. Rhb1 Bc4 18. Rb7 Ba3 19. Rc7 Rfc8 20. Rxc8+ Rxc8 21. Rb7 a6 22. Ng5 h6 23. Nxf7 Rf8 24. Nd6 Rxf4 25. Nxc4 dxc4 26. Ke3 Bc1+ 27. Ke2 Re4+ 28. Kf3 Re1 29. Ra7 Bd2 30. Rxa6 Bxc3 31. Rxc6 Bxd4 32. Rxc4 Bxe5 33. a4 Ra1 34. Re4 Bf6 35. Ke3 Kf7 36. Kd3 Ra3+ 37. Kc2 Ra2+ 38. Kb3 Rxf2 39. a5 Bd8 40. a6 Bb6 41. Rb4 Be3 42. Re4 Ba7 43. Rc4 Kf6 44. Rc7 Bb6 45. Rb7 Bd4 46. Kc4 Be3 47. Kd3 Bc5 48. Rc7 Ra2 49. Rxc5 Rxa6 50. Ke3 Ra2 51. Rc6 Rxg2 52. h4 Rg4 53. h5 Rg5 54. Kf4 Rxh5 55. Rc7 Rf5+ 56. Kg4 h5+ 57. Kh4 g6 58. Rc8 e5 59. Rc6+ Kg7 60. Re6 Kh6 61. Kg3 Kg5 62. Re7 Rf6 63. Rxe5+ Rf5 64. Re6 Ra5 65. Re3 Ra8 66. Rf3 Rg8 67. Kh3 Kh6 68. Rg3 g5 69. Rg2 g4+ 70. Kh4 Rg5 71. Rf2 g3 72. Rg2 Rg4+ 73. Kh3 Kg5 74. Rxg3 Rxg3+ 75. Kxg3 h4+ 76. Kh3 Kh5 77. Kh2 Kg4 78. Kh1 Kg3 79. Kg1 h3 80. Kh1 Kh4 81. Kh2 Kg4 82. Kh1 Kg3 83. Kg1 Kf3 84. Kh2 Kg4 85. Kh1 Kg3 86. Kg1 Kg4 87. Kh1 1/2-1/2

[Event "Junior Online 4NCL Division 3"]
[Site "online"]
[Date "2022.01.20"]
[EventDate "2022.01.20"]
[Round "1.17"]
[White "Schmidt, Eoin"]
[WhiteElo "1118"]
[WhiteTeam "Cork Juniors"]
[Black "Bagshaw, Freddie"]
[BlackElo "1105"]
[BlackTeam "Muswell Hill Primary"]
[Result "1/2-1/2"]
[PlyCount "78"]

1. e4 e5 2. Nf3 Nc6 3. Nc3 Nf6 4. Bc4 Bc5 5. d3 O-O 6. Bg5 Be7 7. O-O h6 8. Bh4 a6 9. a3 Ng4 10. h3 Bxh4 11. hxg4 Bf6 12. Nd5 Bg5 13. Nxg5 Qxg5 14. Qf3 d6 15. Nxc7 Bxg4 16. Qg3 Rac8 17. Nd5 Nd4 18. Nc3 Nxc2 19. Rac1 Nd4 20. f3 Qe3+ 21. Kh1 Bd7 22. f4 Qxg3 23. f5 Qf3 24. Rxf3 Nxf3 25. gxf3 b5 26. Bd5 a5 27. Rg1 b4 28. axb4 axb4 29. Na2 Rb8 30. d4 exd4 31. e5 dxe5 32. Be4 d3 33. Bxd3 b3 34. f6 Rb6 35. Rxg7+ Kh8 36. Rh7+ Kg8 37. Rg7+ Kh8 38. Rh7+ Kg8 39. Rg7+ Kh8 1/2-1/2

[Event "Junior Online 4NCL Division 3"]
[Site "online"]
[Date "2022.01.20"]
[EventDate "2022.01.20"]
[Round "1.18"]
[White "Capel, Yiannis"]
[WhiteElo "813"]
[WhiteTeam "Muswell Hill Primary"]
[Black "Barot, Jwalant"]
[BlackElo "1186"]
[BlackTeam "Cork Juniors"]
[Result "0-1"]
[PlyCount "156"]

1. e4 e5 2. Nc3 Nc6 3. Bc4 Nf6 4. f4 exf4 5. d4 d6 6. Bxf4 Bg4 7. Nf3 Qe7 8. h3 Bd7 9. d5 Na5 10. Bd3 b6 11. Qe2 O-O-O 12. Ba6+ Nb7 13. O-O Kb8 14. b4 Re8 15. Bc4 Nxe4 16. Nxe4 Qxe4 17. Nd2 Qxe2 18. Bxe2 Rxe2 19. Rf3 Re8 20. Rb1 Ba4 21. Rb2 Bd7 22. Rc3 g6 23. Bg5 Bg7 24. Rbb3 Bxc3 25. Rxc3 Re1+ 26. Kf2 Rhe8 27. Be3 R1xe3 28. Rxe3 Rxe3 29. Kxe3 Bf5 30. c3 Nd8 31. a3 Kb7 32. g4 Bd7 33. Kf4 h6 34. g5 hxg5+ 35. Kxg5 Bxh3 36. Kf6 Kc8 37. c4 Bd7 38. Nf1 Be8 39. Ne3 Kd7 40. Ng2 c6 41. Nf4 cxd5 42. Nxd5 Nc6 43. Kg7 f5 44. Nf6+ Ke7 45. Nd5+ Ke6 46. Nc7+ Kd7 47. Nxe8 Kxe8 48. Kxg6 f4 49. b5 Ne5+ 50. Kf5 f3 51. Ke6 Nxc4 52. a4 f2 53. a5 bxa5 54. b6 axb6 55. Kd5 f1=Q 56. Kc6 Qf3+ 57. Kb5 Na3+ 58. Ka6 Qc6 59. Ka7 Nb5+ 60. Ka6 Nc7+ 61. Ka7 Qa8+ 62. Kxb6 Nd5+ 63. Kb5 Qb7+ 64. Kc4 Ne3+ 65. Kd4 Qb6+ 66. Ke4 d5+ 67. Ke5 Qc6 68. Kf4 a4 69. Kxe3 a3 70. Kd4 a2 71. Kd3 a1=Q 72. Ke3 Qe5+ 73. Kd3 Qc5 74. Kd2 Qcd4+ 75. Kc2 Qee4+ 76. Kb3 Qee3+ 77. Kc2 Qdd2+ 78. Kb1 Qee1# 0-1

[Event "Junior Online 4NCL Division 3"]
[Site "online"]
[Date "2022.01.20"]
[EventDate "2022.01.20"]
[Round "1.21"]
[White "Bagga, Khushi"]
[WhiteElo "1071"]
[WhiteTeam "Young Dragons C"]
[Black "Matveev, Grigory"]
[BlackElo "1227"]
[BlackTeam "Desert Penguins Unicorn"]
[Result "1-0"]
[PlyCount "131"]

1. e4 c5 2. d4 cxd4 3. c3 dxc3 4. Nxc3 Nc6 5. Nf3 Nf6 6. Bf4 d6 7. Be2 e6 8. O-O Be7 9. Re1 O-O 10. Qc2 d5 11. e5 Nh5 12. Bd2 f6 13. Bd3 h6 14. Bg6 fxe5 15. Nxe5 Nxe5 16. Bxh5 Nc4 17. Rad1 Qb6 18. Bxh6 Rxf2 19. Qxf2 Qxf2+ 20. Kxf2 gxh6 21. b3 Nb2 22. Rd2 Bb4 23. Rc2 Nd3+ 24. Ke2 Nxe1 25. Kxe1 Bxc3+ 26. Rxc3 Bd7 27. Rc7 Bc6 28. Re7 d4 29. Rxe6 Rd8 30. Rxh6 d3 31. Kd2 Bxg2 32. Rg6+ Kh7 33. Rxg2 a5 34. Bg6+ Kh6 35. Bxd3 b5 36. Kc2 Rc8+ 37. Kb2 b4 38. Rg6+ Kh5 39. Ra6 Rc3 40. Be2+ Kg5 41. Rxa5+ Kf4 42. Rb5 Re3 43. Rxb4+ Ke5 44. Bc4 Kd4 45. Ba6+ Kc5 46. Rh4 Re6 47. Rh8 Rxa6 48. h4 Kd5 49. h5 Ke5 50. Kc3 Kf6 51. a4 Kg7 52. Rb8 Rh6 53. Rb5 Rc6+ 54. Kb4 Kh6 55. Rd5 Kg7 56. Kb5 Rh6 57. b4 Kf7 58. Kc5 Ke7 59. b5 Ke6 60. Rd6+ Ke7 61. Rxh6 Kd7 62. a5 Kc7 63. Rh7+ Kb8 64. Kc6 Ka8 65. Kb6 Kb8 66. Rh8# 1-0

[Event "Junior Online 4NCL Division 3"]
[Site "online"]
[Date "2022.01.20"]
[EventDate "2022.01.20"]
[Round "1.22"]
[White "Brandreth-Stroud, Cassian"]
[WhiteElo "1165"]
[WhiteTeam "Desert Penguins Unicorn"]
[Black "Kong, Emma"]
[BlackElo "1044"]
[BlackTeam "Young Dragons C"]
[Result "0-1"]
[PlyCount "94"]

1. e4 e5 2. Nf3 Nc6 3. Bb5 a6 4. Ba4 b5 5. Bb3 Nf6 6. Nc3 Bc5 7. Bd5 Bb7 8. Nxe5 Nxd5 9. Nxc6 Bxc6 10. exd5 Qf6 11. Ne4 Qe5 12. Qe2 Bxd5 13. Nxc5 Qxe2+ 14. Kxe2 d6 15. Nd3 O-O 16. Kf1 Rfe8 17. b4 Re7 18. Bb2 f6 19. Nf4 Bc6 20. d3 Kf7 21. c4 bxc4 22. dxc4 g5 23. Nd3 Re4 24. Rc1 Rc8 25. a4 Bxa4 26. f3 Re7 27. Ra1 Bc2 28. Nf2 Rb8 29. Ba3 Bb3 30. c5 Bc4+ 31. Kg1 Rbe8 32. h3 dxc5 33. bxc5 Re6 34. Kh2 Re2 35. Rac1 Bb5 36. Ng4 h5 37. Nh6+ Kg6 38. Rb1 Kxh6 39. Rhc1 R2e3 40. Bb2 R3e6 41. Bc3 Kg6 42. g4 hxg4 43. hxg4 Rh8+ 44. Kg3 Rhe8 45. Bd2 Re2 46. Rc2 Rd8 47. Rd1 Ba4 0-1

[Event "Junior Online 4NCL Division 3"]
[Site "online"]
[Date "2022.01.20"]
[EventDate "2022.01.20"]
[Round "1.23"]
[White "Hoccom, Sebastian"]
[WhiteElo "1040"]
[WhiteTeam "Young Dragons C"]
[Black "Deng, Jiahao"]
[BlackElo "935"]
[BlackTeam "Desert Penguins Unicorn"]
[Result "1-0"]
[PlyCount "59"]

1. e4 e5 2. Nf3 Nc6 3. Nc3 f6 4. d4 d6 5. Bb5 Bd7 6. Bxc6 Bxc6 7. d5 Bd7 8. O-O Ne7 9. Nh4 g5 10. Qh5+ Ng6 11. Nxg6 hxg6 12. Qxh8 Qe7 13. Qg8 Qg7 14. Qxg7 Bxg7 15. a4 O-O-O 16. Nb5 c6 17. Nxd6+ Kb8 18. dxc6 Bxc6 19. Rd1 Bf8 20. Be3 Bxd6 21. f3 Kc7 22. Bxa7 Ra8 23. Be3 Bxa4 24. b3 Bc5 25. Bxc5 Bc6 26. Rxa8 b6 27. Bd6+ Kb7 28. Rb8+ Ka6 29. c4 b5 30. Ra1# 1-0

[Event "Junior Online 4NCL Division 3"]
[Site "online"]
[Date "2022.01.20"]
[EventDate "2022.01.20"]
[Round "1.25"]
[White "Matveev, Grigory"]
[WhiteElo "1227"]
[WhiteTeam "Desert Penguins Unicorn"]
[Black "Bagga, Khushi"]
[BlackElo "1071"]
[BlackTeam "Young Dragons C"]
[Result "0-1"]
[PlyCount "80"]

1. d4 d5 2. c4 e6 3. Nc3 c5 4. cxd5 exd5 5. Nf3 Nc6 6. dxc5 d4 7. Na4 Qa5+ 8. Bd2 Qc7 9. e3 Bg4 10. exd4 Nxd4 11. Be2 Nxe2 12. Qxe2+ Be7 13. O-O Nf6 14. Be3 O-O 15. h3 Bh5 16. b4 Nd7 17. Bd4 Rfe8 18. Qb2 Bxf3 19. Bxg7 Qf4 20. gxf3 Qg5+ 21. Kh2 Qf4+ 22. Kg2 Bf6 23. Bxf6 Nxf6 24. Kh1 Qxf3+ 25. Kg1 Re2 26. Qc1 Ne4 27. Nc3 Rxf2 28. Qg5+ Nxg5 29. Rxf2 Nxh3+ 30. Kh2 Nxf2 31. Rg1+ Kf8 32. Rg2 Qxc3 33. Rxf2 Qxb4 34. c6 Qh4+ 35. Kg2 bxc6 36. Rf3 Ke7 37. Re3+ Kd7 38. Kf3 Qh3+ 39. Ke4 Qxe3+ 40. Kxe3 h5 0-1

[Event "Junior Online 4NCL Division 3"]
[Site "online"]
[Date "2022.01.20"]
[EventDate "2022.01.20"]
[Round "1.26"]
[White "Kong, Emma"]
[WhiteElo "1044"]
[WhiteTeam "Young Dragons C"]
[Black "Brandreth-Stroud, Cassian"]
[BlackElo "1165"]
[BlackTeam "Desert Penguins Unicorn"]
[Result "0-1"]
[PlyCount "64"]

1. d4 e6 2. c4 d5 3. Nc3 Be7 4. Bf4 Nc6 5. e3 Nf6 6. cxd5 exd5 7. a3 Bg4 8. Be2 Bxe2 9. Ngxe2 Ne4 10. Nxe4 dxe4 11. Nc3 f5 12. O-O Bd6 13. Bxd6 Qxd6 14. f3 O-O-O 15. fxe4 fxe4 16. Qg4+ Kb8 17. Qxe4 a6 18. Qf4 Qg6 19. Qf5 Qd6 20. Ne4 Qe7 21. Rfe1 Rdf8 22. Qd5 Rd8 23. Qf5 g6 24. Qg4 h5 25. Qf4 Rdf8 26. Qg3 Qxe4 27. Rad1 h4 28. Qg5 Rf5 29. Qxg6 Rf1+ 30. Rxf1 Qxg6 31. Rfe1 h3 32. g3 Qc2 0-1

[Event "Junior Online 4NCL Division 3"]
[Site "online"]
[Date "2022.01.20"]
[EventDate "2022.01.20"]
[Round "1.27"]
[White "Deng, Jiahao"]
[WhiteElo "935"]
[WhiteTeam "Desert Penguins Unicorn"]
[Black "Hoccom, Sebastian"]
[BlackElo "1040"]
[BlackTeam "Young Dragons C"]
[Result "0-1"]
[PlyCount "58"]

1. e4 e5 2. Nf3 Nc6 3. Nc3 Nf6 4. d3 h6 5. Be3 b6 6. Be2 Bb4 7. Qd2 O-O 8. O-O Ng4 9. h3 Nxe3 10. fxe3 Bxc3 11. Qxc3 Bb7 12. Nxe5 Nxe5 13. Qxe5 d6 14. Qc3 c6 15. e5 Bc8 16. exd6 Qg5 17. Rf3 Bb7 18. g3 c5 19. h4 Qg6 20. e4 Rad8 21. Qa3 a5 22. Qb3 Rxd6 23. e5 Bxf3 24. Bxf3 Qxg3+ 25. Bg2 Rg6 26. Qd5 Qe3+ 27. Kh1 Qg3 28. Rg1 Qxh4+ 29. Bh3 Qxh3# 0-1

[Event "Junior Online 4NCL Division 3"]
[Site "online"]
[Date "2022.01.20"]
[EventDate "2022.01.20"]
[Round "1.31"]
[White "McInally, Aiden"]
[WhiteElo "1057"]
[WhiteTeam "Lenzie Dementors"]
[Black "Bedi, Adarsh"]
[BlackElo "1349"]
[BlackTeam "Wanstead Warriors B"]
[Result "1-0"]
[PlyCount "123"]

1. e4 e5 2. Nc3 Nc6 3. g3 d6 4. Bg2 Nf6 5. Nge2 g6 6. h3 Bg7 7. O-O Be6 8. d3 d5 9. Bg5 d4 10. Nd5 Bxd5 11. exd5 Ne7 12. c4 dxc3 13. Nxc3 h6 14. Bxf6 Bxf6 15. Qf3 Nf5 16. Ne4 Nd4 17. Qxf6 Qxf6 18. Nxf6+ Ke7 19. Ne4 Ne2+ 20. Kh2 f5 21. Nc3 Nd4 22. Rac1 Rac8 23. Rfe1 c6 24. dxc6 bxc6 25. Ne2 c5 26. Nxd4 cxd4 27. Rc6 Rxc6 28. Bxc6 Ke6 29. Rc1 Kd6 30. Bg2 Rb8 31. b3 a5 32. Rc6+ Kd7 33. Rxg6 h5 34. Rf6 f4 35. gxf4 exf4 36. Rxf4 Rc8 37. Rxd4+ Ke6 38. Rc4 Rd8 39. d4 Kf5 40. d5 Ke5 41. Rh4 Kf5 42. Rxh5+ Kg6 43. Re5 Kf6 44. Re3 Kf5 45. Kg3 Rg8+ 46. Kf3 Rf8 47. Ke2 Rd8 48. Kd3 Kf4 49. Kd4 Kf5 50. Rd3 Kf6 51. Ke3 Re8+ 52. Kf4 Rf8 53. d6 Ke6+ 54. Ke3 Re8 55. d7 Rd8 56. h4 Rxd7 57. Bh3+ Kf6 58. Rxd7 Kg6 59. Bg4 Kf6 60. a3 Ke5 61. b4 axb4 62. axb4 1-0

[Event "Junior Online 4NCL Division 3"]
[Site "online"]
[Date "2022.01.20"]
[EventDate "2022.01.20"]
[Round "1.32"]
[White "Mukherjee, Aradhya"]
[WhiteElo "1337"]
[WhiteTeam "Wanstead Warriors B"]
[Black "Cheng, Louis"]
[BlackElo "1086"]
[BlackTeam "Lenzie Dementors"]
[Result "1-0"]
[PlyCount "95"]

1. e4 e5 2. Nf3 Nc6 3. Bc4 Bc5 4. c3 Nf6 5. d3 h6 6. O-O O-O 7. Nbd2 d6 8. h3 a5 9. a4 Be6 10. Bxe6 fxe6 11. Qb3 Qc8 12. Re1 Kh8 13. Nh4 Ne7 14. Nf1 Ng4 15. Be3 Nxe3 16. Nxe3 c6 17. Rad1 d5 18. d4 Bd6 19. Ng4 exd4 20. e5 Bc7 21. Qa3 Qe8 22. Qxe7 Qxe7 23. Ng6+ Kh7 24. Nxe7 dxc3 25. bxc3 Rae8 26. Nxd5 exd5 27. e6 Re7 28. c4 dxc4 29. Rd7 Rfe8 30. Ne3 Bf4 31. Rxe7 Rxe7 32. Nxc4 Kg6 33. Ne5+ Kf5 34. Nd3 Bd6 35. g4+ Kf6 36. Rb1 Kxe6 37. f4 Kd5 38. f5 Kd4 39. Nf2 Bc5 40. Kf1 Kc4 41. Rc1+ Kd5 42. Rd1+ Bd4 43. Nd3 c5 44. Nf4+ Kc6 45. Ne6 Bf6 46. Nd8+ Kc7 47. Ne6+ Kc8 48. Rd8# 1-0

[Event "Junior Online 4NCL Division 3"]
[Site "online"]
[Date "2022.01.20"]
[EventDate "2022.01.20"]
[Round "1.33"]
[White "Lukhi, Neev"]
[WhiteElo "1003"]
[WhiteTeam "Lenzie Dementors"]
[Black "Wong, Joseph"]
[BlackElo "1299"]
[BlackTeam "Wanstead Warriors B"]
[Result "0-1"]
[PlyCount "102"]

1. d4 d5 2. Bf4 Nf6 3. Nf3 Bg4 4. Nbd2 Nc6 5. e3 e6 6. c3 Bf5 7. Qb3 Rb8 8. Ne5 Nxe5 9. Bxe5 Be7 10. Nf3 O-O 11. Qd1 Ne4 12. Bd3 f6 13. Bg3 Nxg3 14. hxg3 Bxd3 15. Qxd3 h6 16. Nh2 c6 17. Ng4 f5 18. Ne5 Bd6 19. Nf3 Qb6 20. Qc2 Rbd8 21. Kd2 c5 22. Rh3 c4 23. Rah1 Rf6 24. Nh2 e5 25. Kc1 exd4 26. exd4 Re8 27. Rd1 Qa6 28. Kb1 Rfe6 29. Nf3 Re2 30. Qxf5 Qb6 31. Nd2 Qc6 32. Rhh1 b5 33. Qc2 a5 34. Qc1 a4 35. Rhe1 Rxf2 36. Rxe8+ Qxe8 37. Rg1 Qg6+ 38. Qc2 Qxg3 39. Kc1 Qg5 40. Qd1 Bf4 41. Qc2 Bxd2+ 42. Kb1 Be3 43. Qe2 Rxe2 44. Rd1 Qf5+ 45. Ka1 Qc2 46. Rb1 g5 47. g4 Rg2 48. a3 Rxg4 49. Re1 Rg2 50. Rb1 h5 51. Re1 Qxb2# 0-1

[Event "Junior Online 4NCL Division 3"]
[Site "online"]
[Date "2022.01.20"]
[EventDate "2022.01.20"]
[Round "1.34"]
[White "Ta, Duc"]
[WhiteElo "1215"]
[WhiteTeam "Wanstead Warriors B"]
[Black "Tsagkarakis, Georgios"]
[BlackElo "975"]
[BlackTeam "Lenzie Dementors"]
[Result "0-1"]
[PlyCount "132"]

1. d4 e6 2. Nf3 d5 3. c4 dxc4 4. e4 Bb4+ 5. Nc3 Bxc3+ 6. bxc3 Bd7 7. Bxc4 Nh6 8. Bf4 Ng8 9. O-O h6 10. e5 Ne7 11. Bg3 Bc6 12. Be2 Ng6 13. Qb3 Nd7 14. Nd2 Rb8 15. Qb4 Qg5 16. Bf3 Ne7 17. Ne4 Qf5 18. Nd2 Nd5 19. Bxd5 Bxd5 20. c4 Bc6 21. Qa3 a6 22. Nb3 Qe4 23. f3 Qe3+ 24. Bf2 Qg5 25. Rfd1 Bxf3 26. g3 Bxd1 27. Rxd1 Qe7 28. Qxe7+ Kxe7 29. Nc5 Nxc5 30. dxc5 Rbd8 31. Rd4 Rxd4 32. Bxd4 Rd8 33. Bf2 Rd1+ 34. Kg2 Rd2 35. a3 Ra2 36. c6 b6 37. Kg1 Ra1+ 38. Kg2 Rxa3 39. Be1 Ra1 40. Bb4+ Kd8 41. Kf3 Rc1 42. Ke3 Rxc4 43. Bd2 Rxc6 44. Kd4 Rc5 45. Bb4 Rc2 46. Kd3 Rxh2 47. Be1 Rh1 48. Bf2 Kd7 49. Ke4 Rd1 50. Ke3 a5 51. Ke4 a4 52. Bd4 Rxd4+ 53. Kxd4 b5 54. Kc3 c5 55. Kb2 Kc6 56. Kc3 Kd5 57. Kd3 Kxe5 58. Kc2 b4 59. Kb2 c4 60. Kb1 c3 61. Kc2 Kd4 62. g4 b3+ 63. Kb1 Kd3 64. g5 Kd2 65. Ka1 c2 66. gxh6 c1=Q# 0-1

[Event "Junior Online 4NCL Division 3"]
[Site "online"]
[Date "2022.01.20"]
[EventDate "2022.01.20"]
[Round "1.35"]
[White "Bedi, Adarsh"]
[WhiteElo "1349"]
[WhiteTeam "Wanstead Warriors B"]
[Black "McInally, Aiden"]
[BlackElo "1057"]
[BlackTeam "Lenzie Dementors"]
[Result "0-1"]
[PlyCount "148"]

1. e4 c6 2. d4 d5 3. e5 c5 4. c3 Nc6 5. Nf3 cxd4 6. cxd4 Bg4 7. Be3 e6 8. h3 Bh5 9. Be2 Nge7 10. Nfd2 Bxe2 11. Qxe2 Nf5 12. Nf3 Bb4+ 13. Bd2 Bxd2+ 14. Nbxd2 Qb6 15. Nb3 h6 16. O-O O-O 17. Qd2 Rac8 18. Rac1 Rc7 19. Nc5 Rfc8 20. Na4 Qa6 21. Nc3 Nfe7 22. Nh4 Qb6 23. Rfd1 a6 24. Na4 Qb4 25. Qxb4 Nxb4 26. Rxc7 Rxc7 27. a3 Nbc6 28. Nc5 Nb8 29. b4 Nd7 30. Rc1 Nxc5 31. dxc5 Nc6 32. Rd1 Nxe5 33. Nf3 Nxf3+ 34. gxf3 Kf8 35. Kf1 Ke7 36. Ke2 Kf6 37. Ke3 Rd7 38. f4 Rd8 39. Kf3 Kf5 40. h4 f6 41. Rd3 e5 42. fxe5 fxe5 43. Ke2 d4 44. Rf3+ Ke6 45. Kd3 Kd5 46. Rh3 e4+ 47. Kd2 Kc4 48. Rg3 Rd7 49. h5 Re7 50. Rh3 e3+ 51. fxe3 dxe3+ 52. Rxe3 Rxe3 53. Kxe3 Kb3 54. Ke4 Kxa3 55. Kf5 Kxb4 56. Kg6 a5 57. Kxg7 a4 58. Kxh6 a3 59. Kg6 a2 60. h6 a1=Q 61. h7 Qh8 62. Kh6 Kxc5 63. Kg6 b5 64. Kh6 b4 65. Kh5 Qxh7+ 66. Kg5 Qf7 67. Kh6 Qg8 68. Kh5 Qg3 69. Kh6 Qg4 70. Kh7 Qg5 71. Kh8 Kd6 72. Kh7 Ke7 73. Kh8 Kf7 74. Kh7 Qg7# 0-1

[Event "Junior Online 4NCL Division 3"]
[Site "online"]
[Date "2022.01.20"]
[EventDate "2022.01.20"]
[Round "1.36"]
[White "Cheng, Louis"]
[WhiteElo "1086"]
[WhiteTeam "Lenzie Dementors"]
[Black "Mukherjee, Aradhya"]
[BlackElo "1337"]
[BlackTeam "Wanstead Warriors B"]
[Result "1-0"]
[PlyCount "73"]

1. e4 c6 2. d4 d5 3. exd5 cxd5 4. Nf3 Nf6 5. Bb5+ Bd7 6. Bxd7+ Nbxd7 7. O-O e6 8. Nc3 Bb4 9. Ne2 Nb6 10. c3 Be7 11. Be3 Nc4 12. b3 Nxe3 13. fxe3 Rc8 14. Rc1 Qa5 15. a4 Ne4 16. b4 Qc7 17. Qd3 Qc4 18. Qxc4 Rxc4 19. Ne5 Rc7 20. Nxf7 Rf8 21. Ne5 Bg5 22. Rxf8+ Kxf8 23. Rf1+ Kg8 24. Nf4 Bxf4 25. Rxf4 Rxc3 26. Nd7 Rc1+ 27. Rf1 Rxf1+ 28. Kxf1 Kf7 29. Nc5 Nxc5 30. dxc5 Ke7 31. Ke2 Kd7 32. Kd3 Kc6 33. Kd4 b5 34. axb5+ Kxb5 35. Ke5 d4 36. exd4 a5 37. bxa5 1-0